00498 2200193 4500245004800000020002200048250001100070100002000081700002500101700002200126650001700148005001900165260004100184041001400225084001300239300003200252336000900284338001100293 aTwinkle Stars Vol. 8cTakaya, NatsukihText a978-602-02-2248-6 aCet. 1 aTakaya, Natsuki aNina Siti Aminingsih aMartina Rosmawati aKomik Jepang a20230206083857 aJakartabElex Media Komputindoc2013 aIndonesia a741.5592 a... jil. :bilus. ;c17 cm. atext avolume